NFL ( Running Backs ) 2021/22 - Statistics

General Stats
  • This quiz has been taken 320 times
    272 since last reset
  • The average score is 22 of 32
Answer Stats
Team Name : Running back name: % Correct
New Orleans Saints Alvin Kamara / Mark Ingram JR / Mark Ingram / Kamara / Ingram / Ingram JR /
100%
Tennessee Titans Derrick Henry / Adrian Peterson / Henry / Peterson
88%
Tampa Bay Buccaneers Leonard Fournette / Ronald Jones II / Giovani Bernard / Fournette / Jones / Bernard
88%
Cleveland Browns Nick Chubb / Kareem Hunt / Chubb / Hunt
88%
Dallas Cowboys Ezekiel Elliott / Tony Pollard / Elliott / Pollard
86%
Green Bay Packers Aaron Jones / Jones
85%
New York Giants Saquon Barkley / Barkley
85%
Minnesota Vikings Dalvin Cook / Cook
84%
Cincinnati Bengals Joe Mixon / Mixon
84%
Indiana Colts Johnathan Taylor / Jonathan Taylor / Taylor
83%
Kansas City Chiefs Clyde Edwards-Helaire / Darryl Williams / Edwards-Helaire / Williams / Edwards / Helaire
82%
Oakland Raiders ( Las Vegas ) Josh Jacobs / Jacobs / Kenyan Drake / Drake
81%
Pittsburgh Steelers Najee Harris / Harris
80%
Detroit Lions D’Andre Swift / Swift / Jamaal Williams / Williams
79%
Buffalo Bills Devin Singletary / Singletary
79%
New England Patriots Brandon Bolden / Damien Harris / Rhamondre Stevenson / Bolden / Harris / Stevenson
78%
Carolina Panthers Christian McCaffrey / McCaffrey / Mccaffrey
77%
Los Angeles Rams Darrell Henderson / Henderson / Sony Michel / Michel / Cam Akers / Akers
77%
Denver Broncos Melvin Gordon / Javonte Williams / Gordon / Williams
74%
Los Angeles Chargers Austin Ekeler / Ekeler
72%
San Francisco 49ers Elijah Mitchell / Rashad Mostert / Mitchell / Mostert
71%
Arizona Cardinals James Connor / Chase Edmonds / Connor / Edmonds
71%
Atlanta Falcons Cordarelle Patterson / Patterson
69%
Chicago Bears David Montgomery / Montgomery
69%
Washington Football Team Antonio Gibson / Gibson
63%
Seattle Seahawks Chris Carson / Alex Collins / Travis Homer / Carson / Collins / Homer
60%
New York Jets Michael Carter / Carter
43%
Houston Texans David Johnson / Johnson
41%
Miami Dolphins Myles Gaskin / Gaskin
39%
Baltimore Ravens Devonta Freeman / Freeman
25%
Jacksonville Jaguars Carlos Hyde / Hyde
14%
Philadelphia Eagles Jordan Howard / Howard
11%
No matching quizzes found
Score Distribution
Percent of People with Each Score
Percentile by Number Answered
Your Score History
You have not taken this quiz since the last reset